00337nam a2200133Ia 4500008004100000020001500041041001200056082001600068100001700084245004100101260003800142300000800180650001500188221030s9999 xx 000 0 und d a8173191042 aEnglish a105.23bBha aV. B. Bhatia 0aClassical Mechanicscby V. B. Bhatia bNarosa Pub HouseaNew Delhic1997 a355 aMechanical